| 000 | 00371nam a2200145Ia 4500 | ||
|---|---|---|---|
| 008 | 221030s9999 xx 000 0 und d | ||
| 020 | _a8178807652 | ||
| 041 | _aEnglish | ||
| 100 | _aV. Sharma | ||
| 245 | 0 |
_aBrand Building & Promotional Compaigns _cby V. Sharma |
|
| 260 |
_bRajat Publications _aNew Delhi _c2017 |
||
| 300 | _a91 | ||
| 650 | _aManagement | ||
| 942 | _cBK | ||
| 999 |
_c17775 _d17775 |
||